000 01885nam a22002537a 4500
005 20120604171645.0
010 _aB-487220-223
020 _c250.00
035 _aB-487220-223
037 _bब्लूबेरी बुक्स
082 _a250
100 _aचौधरी, संघमित्रा
_954596
245 _aसमकालीन बुद्ध-धर्म के सामाजिक आयाम/
_cसंघमित्रा चौधरी
260 _aनई दिल्ली
_bसम्यक प्रकाशन
_c2011
270 _a32/3, पश्चिमपुरी
_e110063
_k9810249452
300 3 _a367 पृ.
_c22 सें.मी.(अजिल्द)
942 _2ddc
_cHN
_mचौधरी
_h250
999 _c67514
_d67514